Pure design : (Record no. 8924)
[ view plain ]
| 000 -LEADER | |
|---|---|
| fixed length control field | 00696cam a2200217Ii 4500 |
| 001 - CONTROL NUMBER | |
| control field | 52504522 |
| 003 - CONTROL NUMBER IDENTIFIER | |
| control field | OCoLC |
| 005 - DATE AND TIME OF LATEST TRANSACTION | |
| control field | 20220406102052.0 |
| 008 - FIXED-LENGTH DATA ELEMENTS--GENERAL INFORMATION | |
| fixed length control field | 030303s2002 flua 000 0 eng d |
| 020 ## - INTERNATIONAL STANDARD BOOK NUMBER | |
| International Standard Book Number | 9780972469609 |
| 082 ## - DEWEY DECIMAL CLASSIFICATION NUMBER | |
| Classification number | 741.6 GAR 2002 |
| 100 1# - MAIN ENTRY--PERSONAL NAME | |
| Personal name | Garcia, Mario R. |
| 245 10 - TITLE STATEMENT | |
| Title | Pure design : |
| Remainder of title | 79 simple solutions for magazines, books, newspapers, and websites / |
| Statement of responsibility, etc. | Mario Garcia. |
| 264 #1 - PRODUCTION, PUBLICATION, DISTRIBUTION, MANUFACTURE, AND COPYRIGHT NOTICE | |
| Place of production, publication, distribution, manufacture | St. Petersburg, Fla. : |
| Name of producer, publisher, distributor, manufacturer | Miller Media, |
| Date of production, publication, distribution, manufacture, or copyright notice | 2002. |
| 300 ## - PHYSICAL DESCRIPTION | |
| Extent | xiii, 210 pages : |
| Other physical details | illustrations (some color) ; |
| Dimensions | 23 cm |
| 650 #0 - SUBJECT ADDED ENTRY--TOPICAL TERM | |
| Topical term or geographic name entry element | Periodicals |
| General subdivision | Design. |
| Topical term or geographic name entry element | Newspaper layout and typography. |
| Topical term or geographic name entry element | Newspapers |
| Form subdivision | Illustrations. |
| 655 #7 - INDEX TERM--GENRE/FORM | |
| Genre/form data or focus term | Pictures. |
| 942 ## - ADDED ENTRY ELEMENTS (KOHA) | |
| Source of classification or shelving scheme | Dewey Decimal Classification |
| Koha item type | Main |
| Withdrawn status | Lost status | Source of classification or shelving scheme | Damaged status | Not for loan | Collection code | Home library | Current library | Shelving location | Date acquired | Cost, normal purchase price | Serial Enumeration / chronology | Total Checkouts | Full call number | Barcode | Date last seen | Price effective from | Koha item type |
|---|---|---|---|---|---|---|---|---|---|---|---|---|---|---|---|---|---|
| Dewey Decimal Classification | Main TEST | RTC Library | RTC Library | Main opac | 05/04/2022 | 5405.00 | 16289 | 741.6 GAR 2002 | 30015272 | 05/04/2022 | 05/04/2022 | Main |